000 01952nam a2200217Ia 4500
999 _c7833
_d7833
005 20230417154245.0
008 230417s9999 xx 000 0 und d
040 _aUPAN
_cBiblioteca San Vicente
_eRCAA2
041 _aspa
082 _a310.1
_bK396e
100 _aKazmier, leonard J.
_4aut.
245 0 _aEstadistica aplicada a la administacion y a la economia.
_cLeonard J. Kazmier
250 _a3° ed.
260 _aMéxico:
_bMcGraw Hill,
_c1998
300 _a416 p.:
_c24 cm.
520 _aCapitulo 1: Análisis de datos económicos y administrativos Capitulo 2: Representaciones estadísticas y análisis de graficas Capitulo 3: Descripción de datos económicos y administrativos: medidas de posición Capitulo 4: Descripción de datos económicos y administrativos: medidas de variabilidad Capitulo 5: Probabilidad Capitulo 6: Distribuciones de probabilidad para variables Capitulo 7: Distribuciones de probabilidad para variables aleatorias continuas: Normal y exponencial Capitulo 8: Distribuciones de muestreo e intervalos de confianza para la media Capitulo 9: Otros intervalos de confianza Capitulo 10: Pruebas de hipótesis referentes al valor de la media de la población Capitulo 11: Otras pruebas de hipotesis Capitulo 12: La prueba JI cuadrada Capitulo 13: Análisis de varianza Capitulo 14: Análisis de regresión y correlación lineal Capitulo 15: Análisis de series de tiempo y pronósticos económicos Capitulo 16: Regresión y correlación múltiple Capitulo 17: Números índice para datos económicos y administrativos Capitulo 18: Análisis de decisión: tablas de pagos y arboles Capitulo 19: Análisis de decisión: uso de información muestral Capitulo 20: Control estadístico de procesos Capitulo 21: Estadística no paramétrica
650 _2LEMB
_vAdministración
_xEstadistica
650 _2LEMB
_xDecisiones estadísticas
650 _2LEMB
_vEconomía
_xEstadística
942 _cBK
_2ddc